| Tag |
First Indicator |
Second Indicator |
Subfields |
| LEADER |
00000cam a2200000Ka 4500 |
| 001 |
in00002781495 |
| 005 |
20150922132508.0 |
| 008 |
110211s2011 sp a 001 0 spa d |
| 019 |
|
|
|a 682896695
|
| 020 |
|
|
|a 9788466221054
|
| 020 |
|
|
|a 8466221050
|
| 035 |
|
|
|a (OCoLC)ocn701560694
|
| 035 |
|
|
|a (OCoLC)701560694
|z (OCoLC)682896695
|
| 040 |
|
|
|a DPL
|c DPL
|d PL#
|d I5B
|d BTCTA
|d YDXCP
|d UtOrBLW
|
| 049 |
|
|
|a TXAM
|
| 050 |
|
4 |
|a SF
|
| 090 |
|
|
|a SF309
|b .G73 2011
|
| 092 |
0 |
|
|a 798.2
|2 22
|
| 245 |
0 |
0 |
|a Gran enciclopedia del caballo /
|c Judith Draper, Debbie Sly Y Sarah Muir ; [traducción, Ladisloa Castellanos Beltrán].
|
| 246 |
3 |
0 |
|a Caballo
|
| 264 |
|
1 |
|a Madrid :
|b Libsa,
|c [2011]
|
| 264 |
|
4 |
|c ©2011
|
| 300 |
|
|
|a 512 pages :
|b color illustrations ;
|c 28 cm.
|
| 336 |
|
|
|a text
|b txt
|2 rdacontent
|
| 337 |
|
|
|a unmediated
|b n
|2 rdamedia
|
| 338 |
|
|
|a volume
|b nc
|2 rdacarrier
|
| 500 |
|
|
|a Includes index.
|
| 650 |
|
0 |
|a Horsemanship.
|
| 650 |
|
0 |
|a Horsemanship
|x Equipment and supplies.
|
| 650 |
|
0 |
|a Saddlery.
|
| 650 |
|
0 |
|a Horses
|x Equipment and supplies.
|
| 650 |
|
7 |
|a Equitación.
|2 bidex
|
| 650 |
|
7 |
|a Equitación
|x Aparatos y accesorios.
|2 bidex
|
| 650 |
|
7 |
|a Caballos
|x Aparatos y accesorios.
|2 bidex
|
| 700 |
1 |
|
|a Draper, Judith.
|
| 730 |
0 |
|
|a Horse and rider.
|l Spanish.
|
| 948 |
|
|
|a cataloged
|b h
|c 2012/11/8
|d c
|e ceaton
|f 2:36:35 pm
|
| 994 |
|
|
|a C0
|b TXA
|
| 999 |
|
|
|a MARS
|
| 999 |
f |
f |
|s 0fe80e17-d092-3072-a6a4-fc704c14d454
|i 8d679020-ba84-3d8e-a0d0-b1f205bbaa4e
|t 0
|
| 952 |
f |
f |
|p ric
|a Texas A&M University
|b Rellis Campus
|c Joint Library Facility
|d Remote Storage
|t 0
|e SF309 .G73 2011
|h Library of Congress classification
|i unmediated -- volume
|m A14841590304
|
| 998 |
f |
f |
|a SF309 .G73 2011
|t 0
|l Remote Storage
|